000 00776nam a2200289Ia 4500
005 20260324115408.0
008 008 260324s9999 xx 000 0 eng d
020 _a9781315271156
037 _aEBOOK
040 _aCRL
040 _beng
040 _cCRL
041 _2eng
041 _aeng
084 _qCRL
100 _aAloizio Pereira da Silva; Scott Burleigh; Katia Obraczka
_91154494
245 0 _aDelay and Disruption Tolerant Networks
245 0 _bInterplanetary and Earth-Bound -- Architecture, Protocols, and Applications
260 _bTaylor and Francis
260 _c2018
365 _a
365 _b260
856 _uhttp://www.taylorfrancis.com/books/9781315271156
942 _cEBOOK
999 _c1745350
_d1745350